Henry Wadsworth Longfellow: a sketch of his life

Biografía del poeta estadounidense Henry Wadsworth Longfellow, narra su historia de vida en un volumen literario que se publicó en 1907. Compila la mayor parte de sus poemas más breves a los que se hace referencia en la narrativa, también aquellos que tienen un carácter biográfico, y los que se rela...

Descrizione completa

Salvato in:
Dettagli Bibliografici
Autore principale: Elliot Norton, Charles
Natura: Libro
Lingua:Undetermined
Pubblicazione: New York, Estados Unidos Houghton Mifflin 1906
Soggetti:
Tags: Aggiungi Tag
Nessun Tag, puoi essere il primo ad aggiungerne!!

MARC

LEADER 00000nam a2200000Ia 4500
008 170316s9999 xx 000 0 und d
040 |a cru BVZT 
090 |a 810 E-8.1h 
100 |a Elliot Norton, Charles  |9 786 
245 |a Henry Wadsworth Longfellow: a sketch of his life  |c / Charles Elliot Norton 
260 |a New York, Estados Unidos  |b Houghton Mifflin  |c 1906 
300 |a 120 páginas 
520 |a Biografía del poeta estadounidense Henry Wadsworth Longfellow, narra su historia de vida en un volumen literario que se publicó en 1907. Compila la mayor parte de sus poemas más breves a los que se hace referencia en la narrativa, también aquellos que tienen un carácter biográfico, y los que se relacionan con sus amigos especiales, y los lugares de su nacimiento y residencia.  
650 |a LITERATURA ESTADOUNIDENSE  |9 25 
650 |a EN IDIOMA INGLÉS  |9 129 
650 |a BIOGRAFÍA  |9 710 
999 |c 5575  |d 5575 
942 |c 15 D  |h 810 E-8.1h  |2 z